| 000 | 00628nam a22002057a 4500 | ||
|---|---|---|---|
| 999 |
_c9192 _d9192 |
||
| 003 | AR-CdUCM | ||
| 008 | 190327b ||||| |||| 00| 0 spa d | ||
| 040 |
_aMUNICIPALIDAD PROVINCIAL DEL CUSCO _cBIBLIOTECA MUNICIPAL DEL CUSCO |
||
| 082 |
_a869.56 / _bAR695 |
||
| 100 |
_aArhuata Rosado, José Manuel _925250 |
||
| 245 | _aPoesía bajo una piedra / | ||
| 260 |
_aCusco : _bEditorial News graf integral. |
||
| 300 |
_a48 páginas ; _c20 cm. |
||
| 505 | _aContenido: Poesía cusqueña. | ||
| 650 |
_aPoesia cusqueña _92323 |
||
| 650 |
_aLatinoamericana _95799 |
||
| 650 |
_aCusco _9772 |
||
| 942 |
_2ddc _cLIBROS |
||
| 945 | _adavv | ||